1138 1055 1074 1739 1969 1299 1266 1075 1372 1807 1492 1032 1414 1806 1908 1529 1421 1730 1585 1114 1496 1072 1549 1243 1512 1376 1817 1629 1613 1688 1855 1567 1803 1771 1765 1942 1298 1023 1160 1768 1316 1677 1553 1364 1740 1688 1269 1871 1551 1460 1525 1576 1414 1670 1865 1246 1583 1314 1228 1303 1731 1563 1245 1072 1073 1111 1933 1422 1286 1921 1530 1332 1090 1249 1326 1287 1543 1057 1283 1584 1663 1956 1383 1943 1470 1821 1030 1113 1801 1440 1916 1183 1577 1246 1371 1217 1526 1628 1551 BCNSPRNW ULIB Ver.6.0+V

เปลี่ยนเป็นภาษาไทย

Change to English
 แสดงรายละเอียดบรรณานุกรม
  กลับหน้าหลัก

Brief Record : Get Marc (ISO 2709) : E-mail record : QR code < ปิดหน้าต่าง
LEADER : 00000nam 2200000uu 4500
001    13399123368
003     ULIB
008    140827s2550||||th 000 0 tha d
099    วจ WY18^bว485พ
100 0  วารุณี มีเจริญ และศักดิ์มงคล เชื้อทอง
245 00 พฤติกรรมเอื้ออาทรในการปฎิบัติการพยาบาลของผู้สำเร็จการศึกษาหลักสูตรพยาบาลศาสตร์บัณฑิต วิทยาลัยในสังกัดกระทรวงสาธารณสุข/^cวารุณี มีเจริญ และศักดิ์มงคล เชื้อทอง
260    สระบุรี:^bวิทยาลัยพยาบาลบรมราชชนนี สระบุรี,^c2550
300    91 หน้า
650  0 พฤติกรรมเอื้ออาทร^xวิจัย
700 0  ศักดิ์มงคล เชื้อทอง
945    ^p0^l0^i023457
999    ^aเกษร โพธิ์สุวรรณ
รายการนี้ยังไม่มีแท็ก
คุณยังไม่ได้ล็อกอิน คุณสามารถมีกิจกรรมร่วมกับเว็บไซต์ได้ แต่ต้องล็อกอินก่อน ::
  ล็อกอิน

รายการสื่อสารสนเทศ

ลำดับที่ ประเภท เลขเรียก/บาร์โค้ด สถานที่ สถานะ
1. งานวิจัย
งานวิจัย
วจ WY18 ว485พ ฉ.1 
  Barcode: 023457
ห้องสมุดวิทยาเขตสวรรค์ประชารักษ์
►วิจัย
บนชั้น

BibComment


ยังไม่เคยถูกคอมเมนท์

คอมเมนท์ทรัพยากรรายการนี้
  คอมเมนท์: พฤติกรรมเอื้ออาทร..


 Copyright 2026. Bcnsprnw @Library